000 00911nam a2200241 a 4500
001 000025179
005 20200930023618.0
008 110208s1996 ck r 000 |aspa d
020 _a9580436363
040 _aDO-SdBNP
_bspa
_cBNPHU
041 _aeng
_hspa
_2Código de idioma MARC
082 _axxx
_bB639e
100 1 _aBlanchard, Kenneth H.
_951659
240 0 _aEmpowerment : takes more than a minute.
_lEspañol
245 1 4 _aEmpowerment :
_btres claves para que el proceso de facultar a los empleados funcione en su empresa /
_cKenneth H. Blanchard, John P. Carlos, Alan Randolph; traducción Jorge Cárdenas N.
260 _aBogotá :
_bNorma,
_c1996.
300 _axi, 123 p. ;
_c21 cm.
534 _aTítulo original :
_tEmpowerment : takes more than a minute.
700 1 _aCarlos, John P.
_951660
700 1 _aRandolph, Alan
_951661
700 1 _aCárdenas N., Jorge
_etr.
_951662
049 _aBNGR
999 _c24672
_d24672